000 00376nam a22001217a 4500
020 _a9788126518333
082 _222
_a621.384135
100 _aSaunders, Simon R. and Aragon Zavala, Alejandro.
245 _aAntennas and propagation for wireless communication systems /
260 _aNew Delhi,
_bJohn Wiley,
_cc2010.
300 _axxii, 524p.
_bill. ;
_c23 cm.
942 _2ddc
_cECE
_03
999 _c609
_d609